| 000 | 00574nam a2200205Ia 4500 | ||
|---|---|---|---|
| 005 | 20250508163530.0 | ||
| 008 | 008 250505s9999 xx 000 0 eng d | ||
| 020 | _a0-87207-605-9 | ||
| 037 | _aTextual | ||
| 040 |
_aFEDL _beng _cFEDL |
||
| 041 |
_aeng _2eng |
||
| 084 |
_a428.4, HAR _qFEDL |
||
| 100 |
_aHarkar W John _9775565 |
||
| 245 | 0 | _aClassroom strategies for secondary reading | |
| 250 | _a2nd | ||
| 260 |
_aNewark _bInternational Reading Association _c1985 |
||
| 300 | _aviii,140p. | ||
| 942 |
_cTEXL _h428.4, HAR |
||
| 999 |
_c1383919 _d1383919 |
||